000 00670nam a2200229Ii 4500
003 JO-AjNU
008 230605s9999||||xx |||||||||||||| ||und||
017 _a2006/3/750
020 _a9957-36-046-9
040 _aJO-AjNU
_bara
_erda
_cJO-AjNU
041 _aara
050 1 4 _aQE392.A2872 2007
100 3 _aابونعيم ، مروان,
_eauthor
_917460
245 0 0 _aالاحجار الكريمة
250 _aط1
264 3 1 _aعمان:دار عالم الثقافة ، 2007
300 _a114ص
336 _atext
_btxt
_2rdacontent
337 _aunmediated
_bn
_2rdamedia
338 _avolume
_bnc
_2rdacarrier
650 4 _aالاحجار الكريمة
_917461
999 _aA5396
_c8964
_d8964